Statistics for Canadian Provinces by Elevation

Click here to take the quiz!

General Stats

  • This quiz has been taken 18 times
  • The average score is 7 of 10

Answer Stats

highest point ft (m) province % Correct
Mount Fairweather15,299 (4,663)British Columbia
100%
Mount Columbia12,293 (3,747)Alberta
94%
Mount Caubvick5,420 (1,652)Newfoundland and Labrador
69%
Mont D'Iberville5,417 (1,651)Quebec
69%
Cypress Hills4,567 (1,392)Saskatchewan
69%
Baldy Mountain2,730 (832)Manitoba
69%
Ishpatina Ridge2,274 (693)Ontario
69%
White Hill1,755 (535)Nova Scotia
69%
Glen Valley466 (142)Prince Edward Island
69%
Mount Carleton2,680 (817)New Brunswick
56%

Score Distribution

Percentile by Number Answered

Percent of People with Each Score

Your Score History

You have not taken this quiz